000 nam a22 7a 4500
999 _c56662
_d56662
003 OSt
005 20230522055905.0
008 230522b xxu||||| |||| 00| 0 eng d
040 _cIIMTU , MEERUT
100 _aSHARMA , P.V
245 _aYOGARATNAMALA
250 _aREPRINT
260 _aVARANASI
_bCHAUKHAMBA
_c2016
300 _a53
942 _2ddc
_c01
_eREPRINT